Największe miasta powiatów z mapą - Statystyki

Ogólne statystyki
  • Ten quiz został rozwiązany 1 574 razy
    1 486 od ostatniego zresetowania
  • Średni wynik to 114 z 379
Odpowiedzi na mapie
Odpowiedzi zakodowano w zielono-czerwonej skali na mapie do tego quizu, zgodnie z poniższymi procentami.
 
Statystyki odpowiedzi
Miasto % Poprawnych
Warszawa
70%
Gdańsk
68%
Kraków
67%
Białystok
66%
Gdynia
66%
Szczecin
66%
Suwałki
65%
Olsztyn
64%
Poznań
64%
Kielce
62%
Łódź
62%
Opole
62%
Radom
62%
Sopot
62%
Bydgoszcz
61%
Koło
61%
Lublin
61%
Toruń
61%
Wrocław
61%
Zielona Góra
60%
Elbląg
59%
Katowice
59%
Koszalin
59%
Zakopane
59%
Gorzów Wielkopolski
58%
Rzeszów
58%
Tarnów
58%
Częstochowa
57%
Świnoujście
56%
Płock
55%
Słupsk
54%
Kołobrzeg
53%
Konin
53%
Łomża
53%
Bielsko-Biała
52%
Nowy Sącz
52%
Ełk
51%
Kalisz
51%
Biała Podlaska
50%
Chełm
50%
Gliwice
50%
Piła
50%
Przemyśl
50%
Zamość
50%
Jelenia Góra
49%
Legnica
49%
Włocławek
49%
Lubin
48%
Piotrków Trybunalski
48%
Wałbrzych
48%
Gniezno
47%
Nowy Targ
47%
Pruszków
47%
Sosnowiec
47%
Bytom
46%
Grudziądz
46%
Inowrocław
46%
Kłodzko
46%
Krosno
46%
Leszno
46%
Malbork
46%
Ostrołęka
46%
Sandomierz
46%
Siedlce
46%
Zabrze
46%
Augustów
45%
Brzeg
45%
Tarnobrzeg
44%
Chorzów
43%
Głogów
42%
Puck
42%
Rybnik
42%
Tychy
42%
Wieliczka
42%
Bełchatów
41%
Iława
41%
Jawor
41%
Skierniewice
41%
Oświęcim
40%
Stargard
40%
Dąbrowa Górnicza
39%
Legionowo
39%
Nysa
39%
Bochnia
38%
Lębork
38%
Mielec
38%
Szczecinek
38%
Tczew
38%
Zgorzelec
38%
Żywiec
38%
Cieszyn
37%
Kędzierzyn-Koźle
37%
Kutno
37%
Mława
37%
Piaseczno
37%
Police
37%
Radomsko
37%
Sieradz
37%
Stalowa Wola
37%
Tomaszów Mazowiecki
37%
Ustka
37%
Zgierz
37%
Chojnice
36%
Giżycko
36%
Ostrowiec Świętokrzyski
36%
Ruda Śląska
36%
Żary
36%
Bytów
35%
Jaworzno
35%
Mysłowice
35%
Ostrów Wielkopolski
35%
Otwock
35%
Pabianice
35%
Puławy
35%
Sanok
35%
Żory
35%
Ciechanów
34%
Hajnówka
34%
Jasło
34%
Jastrzębie-Zdrój
34%
Mrągowo
34%
Oława
34%
Pruszcz Gdański
34%
Rumia
34%
Starogard Gdański
34%
Żyrardów
34%
Jarosław
33%
Łowicz
33%
Mińsk Mazowiecki
33%
Świdnica
33%
Tarnowskie Góry
33%
Będzin
32%
Kluczbork
32%
Nowa Sól
32%
Siemianowice Śląskie
32%
Dębica
31%
Kościerzyna
31%
Ostróda
31%
Sejny
31%
Świebodzin
31%
Turek
31%
Bartoszyce
30%
Bolesławiec
30%
Gorlice
30%
Grodzisk Mazowiecki
30%
Gryfice
30%
Kartuzy
30%
Kwidzyn
30%
Namysłów
30%
Nowy Dwór Gdański
30%
Nowy Dwór Mazowiecki
30%
Olkusz
30%
Pisz
30%
Racibórz
30%
Środa Wielkopolska
30%
Ustrzyki Dolne
30%
Wieluń
30%
Września
30%
Żagań
30%
Zawiercie
30%
Gryfino
29%
Hrubieszów
29%
Kamień Pomorski
29%
Myślenice
29%
Oleśnica
29%
Świdnik
29%
Świętochłowice
29%
Wałcz
29%
Zduńska Wola
29%
Braniewo
28%
Gołdap
28%
Gostyń
28%
Jarocin
28%
Kętrzyn
28%
Piekary Śląskie
28%
Pułtusk
28%
Skarżysko-Kamienna
28%
Starachowice
28%
Szczytno
28%
Aleksandrów Kujawski
27%
Bielsk Podlaski
27%
Biłgoraj
27%
Busko-Zdrój
27%
Chełmno
27%
Chrzanów
27%
Człuchów
27%
Darłowo
27%
Grójec
27%
Końskie
27%
Kostrzyn nad Odrą
27%
Lidzbark Warmiński
27%
Limanowa
27%
Opatów
27%
Rawicz
27%
Śrem
27%
Tuchola
27%
Wodzisław Śląski
27%
Ząbki
27%
Zambrów
27%
Białogard
26%
Garwolin
26%
Kraśnik
26%
Łask
26%
Oborniki
26%
Opoczno
26%
Polkowice
26%
Słubice
26%
Tomaszów Lubelski
26%
Złotów
26%
Brodnica
25%
Brzesko
25%
Działdowo
25%
Goleniów
25%
Grajewo
25%
Jędrzejów
25%
Krotoszyn
25%
Łańcut
25%
Łęczna
25%
Miechów
25%
Międzyrzecz
25%
Mońki
25%
Nakło nad Notecią
25%
Nowy Tomyśl
25%
Płońsk
25%
Siemiatycze
25%
Sochaczew
25%
Sokółka
25%
Środa Śląska
25%
Świecie
25%
Sztum
25%
Wolsztyn
25%
Lesko
24%
Lubartów
24%
Lubliniec
24%
Mogilno
24%
Nidzica
24%
Prudnik
24%
Pszczyna
24%
Rawa Mazowiecka
24%
Szamotuły
24%
Andrychów
23%
Dzierżoniów
23%
Góra
23%
Gostynin
23%
Kępno
23%
Krasnystaw
23%
Łęczyca
23%
Myszków
23%
Sierpc
23%
Strzelce Opolskie
23%
Węgorzewo
23%
Włoszczowa
23%
Wyszków
23%
Złotoryja
23%
Żnin
23%
Chodzież
22%
Dąbrowa Tarnowska
22%
Głubczyce
22%
Kłobuck
22%
Kolno
22%
Kościan
22%
Leżajsk
22%
Lubań
22%
Łuków
22%
Mikołów
22%
Milicz
22%
Olecko
22%
Ostrów Mazowiecka
22%
Radzyń Podlaski
22%
Rypin
22%
Sokołów Podlaski
22%
Włodawa
22%
Wschowa
22%
Grodzisk Wielkopolski
21%
Janów Lubelski
21%
Kamienna Góra
21%
Kozienice
21%
Luboń
21%
Olesno
21%
Pajęczno
21%
Pleszew
21%
Skawina
21%
Sucha Beskidzka
21%
Trzebnica
21%
Wieruszów
21%
Wysokie Mazowieckie
21%
Bieruń
20%
Dęblin
20%
Golub-Dobrzyń
20%
Krapkowice
20%
Krynica-Zdrój
20%
Lipno
20%
Łosice
20%
Nowe Miasto Lubawskie
20%
Przasnysz
20%
Wągrowiec
20%
Ząbkowice Śląskie
20%
Białobrzegi
19%
Lubaczów
19%
Międzychód
19%
Nisko
19%
Pińczów
19%
Proszowice
19%
Przeworsk
19%
Ropczyce
19%
Sępolno Krajeńskie
19%
Sulęcin
19%
Świdwin
19%
Szydłowiec
19%
Węgrów
19%
Żuromin
19%
Zwoleń
19%
Brzeziny
18%
Brzozów
18%
Choszczno
18%
Czechowice-Dziedzice
18%
Kolbuszowa
18%
Łobez
18%
Lwówek Śląski
18%
Ostrzeszów
18%
Parczew
18%
Pyrzyce
18%
Słupca
18%
Staszów
18%
Strzelce Krajeńskie
18%
Trzcianka
18%
Gubin
17%
Kazimierza Wielka
17%
Łapy
17%
Lipsko
17%
Łomianki
17%
Poddębice
17%
Przysucha
17%
Solec Kujawski
17%
Strzelin
17%
Maków Mazowiecki
16%
Pasłęk
16%
Sulechów
16%
Wąbrzeźno
16%
Chęciny
15%
Chełmża
15%
Knurów
15%
Radziejów
15%
Strzyżów
15%
Brzeg Dolny
14%
Koluszki
14%
Międzyrzec Podlaski
14%
Pionki
14%
Sulejów
14%
Szczebrzeszyn
14%
Barlinek
13%
Biskupiec
13%
Kowary
12%
Blachownia
11%
Chojnów
11%
Myszyniec
11%
Sianów
11%
Złocieniec
11%
Brześć Kujawski
10%
Nowogród
10%
Ozimek
10%
Poniatowa
10%
Boguszów-Gorce
9%
Czerwionka-Leszczyny
9%
Mordy
9%
Nowa Dęba
9%
Opatówek
9%
Rejowiec Fabryczny
9%
Siechnice
9%
Bełżyce
8%
Głogów Małopolski
8%
Tuchów
8%
Bolimów
7%
Golina
7%
Jedlicze
7%
Rydzyna
7%
Dubiecko
6%
Gąbin
6%
Łasin
6%
Nie znaleziono quizów pasujących do podanych kryteriów
Rozkład punktacji
Procent ludzi z każdym wynikiem
Percentyl według liczby udzielonych odpowiedzi
Twoja historia wyników
Nie rozwiązałeś tego quizu od ostatniego zresetowania